From ideas to action : (Registro nro. 423)
[ vista simple ]
| 000 -CABECERA | |
|---|---|
| Campo de control | 01352cam a2200337 4500 |
| 005 - FECHA Y HORA DE LA ULTIMA TRANSACCION | |
| Campo de control | 20200104041510.0 |
| 008 - ELEMENTOS DE LONGITUD FIJA—INFORMACION GENERAL | |
| Campo de control | 930211s1992 fr a b 001 0 eng |
| 020 ## - ISBN | |
| ISBN | 9284211417 |
| 020 ## - ISBN | |
| ISBN | 8241701365 |
| 020 ## - ISBN | |
| ISBN | 9789284211418 |
| 040 ## - FUENTE DE CATALOGACIÓN | |
| Agencia catalogadora original | EYG |
| Agencia transcriptora | EYG |
| Agencia Modificadora | UkOxU |
| -- | CO-BoIAVH |
| 041 0# - IDIOMA | |
| Código de idioma para texto/pista de sonido o título separado | Inglés |
| 044 ## - PAÍS DE PUBLICACIÓN | |
| País de publicación | Francia |
| 082 04 - NUMERO DE CLASIFICACION DECIMAL DEWEY | |
| Número de clasificación | 339.5 |
| Número del ítem | W74f |
| 100 1# - ASIENTO PRINCIPAL--NOMBRE PERSONAL | |
| Nombre personal | Willums, Jan Olaf |
| Término relacionado | autor |
| 9 (RLIN) | 7703 |
| 245 10 - MENCION DE TITULO | |
| Título | From ideas to action : |
| Parte restante del título | business and sustainable development, the ICC report on the Greening of Enterprise 92 / |
| Mención de responsabilidad | Jan-Olaf Willums y Ulrich Golüke. |
| 260 ## - PUBLICACION, DISTRIBUCION, ETC. (PIE DE IMPRENTA) | |
| Lugar de publicación, distribución, etc. | Oslo (Noruega) : |
| Nombre del editor, distribuidor, etc. | ICC Pub : |
| -- | Ad Notam Gyldendal, |
| Fecha de publicación, distribución, etc. | 1992. |
| 300 ## - DESCRIPCION FISICA | |
| Extensión | 383 páginas : |
| Otros detalles físicos | ilustraciones ; |
| Dimensiones | 24 x 17 cm. |
| 490 0# - MENCION DE SERIE | |
| Mención de serie | ICC publication ; |
| Designación numérica/secuencial del volumen | no. 504 |
| 500 ## - NOTA GENERAL | |
| Nota general | "Un informe preparado por la Oficina Internacional del Medio Ambiente de la ICC". |
| 500 ## - NOTA GENERAL | |
| Nota general | Incluye índice. |
| 504 ## - NOTA DE BIBLIOGRAFIA, ETC. | |
| Nota de bibliografía | Incluye referencias bibliográficas: páginas 338-340. |
| 650 26 - ASIENTO SECUNDARIO DE MATERIA - TERMINO TEMATICO | |
| Término temático o nombre geográfico como elemento de entrada | Desarrollo económico |
| Subdivisión general | Aspectos ambientales |
| 9 (RLIN) | 84158 |
| 650 26 - ASIENTO SECUNDARIO DE MATERIA - TERMINO TEMATICO | |
| Término temático o nombre geográfico como elemento de entrada | Industria |
| Subdivisión general | Aspectos ambientales |
| 9 (RLIN) | 84159 |
| 650 26 - ASIENTO SECUNDARIO DE MATERIA - TERMINO TEMATICO | |
| Término temático o nombre geográfico como elemento de entrada | Política ambiental |
| Subdivisión general | Cooperación internacional |
| 9 (RLIN) | 84160 |
| 650 26 - ASIENTO SECUNDARIO DE MATERIA - TERMINO TEMATICO | |
| Término temático o nombre geográfico como elemento de entrada | Desarrollo sostenible |
| 9 (RLIN) | 278 |
| 700 1# - ASIENTO SECUNDARIO - NOMBRE PERSONAL | |
| Nombre personal | Goluke, Ulrich |
| Término de relación | autor |
| 9 (RLIN) | 7709 |
| 710 2# - ASIENTO SECUNDARIO - NOMBRE CORPORATIVO | |
| Nombre corporativo o de jurisdicción como elemento de entrada | International Environmental Bureau of the ICC. |
| 9 (RLIN) | 84162 |
| 710 2# - ASIENTO SECUNDARIO - NOMBRE CORPORATIVO | |
| Nombre corporativo o de jurisdicción como elemento de entrada | International Chamber of Commerce. |
| 9 (RLIN) | 84163 |
| 942 ## - ELEMENTOS ADICIONALES (KOHA) | |
| Sistema de clasificación | Dewey Decimal Classification |
| Tipo de ítem | Libro |
| Withdrawn status | Lost status | Sistema de Clasificación | Damaged status | No para préstamo | Colección | Inventariado | Ubicación Permanente | Ubicación actual | Fecha de adquisición | Fuente de Valor | Valor | Total Checkouts | Número topográfico | Inventario / Código de Barras | Date last seen | Ejemplar | Price effective from | Forma de adquisición | Tipo de material |
|---|---|---|---|---|---|---|---|---|---|---|---|---|---|---|---|---|---|---|---|
| Dewey Decimal Classification | General | Inventariado 2017 | Sala Fabio Quevedo | Sala Fabio Quevedo | 01/02/1998 | Amazon | 56000.00 | LB-339.5 W74f | 000577 | 04/12/2012 | Ej. 1 | 04/12/2012 | Donación | Libro |